<?xml version="1.0" encoding="UTF-8"?><?xml-stylesheet type="text/xsl" href="static/style.xsl"?><OAI-PMH xmlns="http://www.openarchives.org/OAI/2.0/" xmlns:xsi="http://www.w3.org/2001/XMLSchema-instance" xsi:schemaLocation="http://www.openarchives.org/OAI/2.0/ http://www.openarchives.org/OAI/2.0/OAI-PMH.xsd"><responseDate>2026-06-07T15:51:38Z</responseDate><request verb="GetRecord" identifier="oai:docta.ucm.es:20.500.14352/129485" metadataPrefix="marc">https://docta.ucm.es/rest/oai/request</request><GetRecord><record><header><identifier>oai:docta.ucm.es:20.500.14352/129485</identifier><datestamp>2025-12-20T01:11:57Z</datestamp><setSpec>com_20.500.14352_14</setSpec><setSpec>col_20.500.14352_15</setSpec></header><metadata><record xmlns="http://www.loc.gov/MARC21/slim" xmlns:dcterms="http://purl.org/dc/terms/" xmlns:xsi="http://www.w3.org/2001/XMLSchema-instance" xmlns:doc="http://www.lyncode.com/xoai" xsi:schemaLocation="http://www.loc.gov/MARC21/slim http://www.loc.gov/standards/marcxml/schema/MARC21slim.xsd">
   <leader>00925njm 22002777a 4500</leader>
   <datafield ind2=" " ind1=" " tag="042">
      <subfield code="a">dc</subfield>
   </datafield>
   <datafield ind2=" " ind1=" " tag="720">
      <subfield code="a">Sánchez-Dávila, Jesús</subfield>
      <subfield code="e">author</subfield>
   </datafield>
   <datafield ind2=" " ind1=" " tag="720">
      <subfield code="a">Gavilán García, Rosario Gloria</subfield>
      <subfield code="e">author</subfield>
   </datafield>
   <datafield ind2=" " ind1=" " tag="720">
      <subfield code="a">Sánchez Mata, Daniel Pablo De La Cruz</subfield>
      <subfield code="e">author</subfield>
   </datafield>
   <datafield ind2=" " ind1=" " tag="260">
      <subfield code="c">2025</subfield>
   </datafield>
   <datafield ind2=" " ind1=" " tag="520">
      <subfield code="a">European mountain grasslands are affected by abandonment and are being colo-nized by shrubs and forest. Grassland fragmentation is caused when the forest matrix grows, and surrounding grassland is split into fragments. Multiple studies have been done on grassland fragmentation but in anthropic matrices. Grassland isolation would not be a constraint for plant dispersion since the dis-tance between grassland fragments is usually short. However, when they are abandoned, the surrounding forest can change the environmental characteristics and small fragments can disappear. We studied abandoned Mediterranean mountain grasslands in an oak forest matrix. We surveyed the grassland com-munities and their soil properties in multiple fragments of different sizes and isolation distances. We classified the grassland species into different groups by habitat preference and life form and calculated the landscape fragmentation var-iables. We analyzed the effect of fragmentation on the richness of the grassland groups and communities. Results showed that the fragmentation variables did not have any effect on the grasslands, except at the extreme ends of the gradient of the vegetation succession. The smallest grasslands favored perennial and wet-ter species over annual or drier species due to wetter soil conditions and less availability of light. Annual species are more abundant in southern aspect frag-ments with drier conditions across the fragments. The lack of connectivity among fragments is not a problem for grassland communities at a fine scale. Annual and drier grassland species remain even in the smallest fragments, but their conservation requires maintaining a minimum fragment size more than it does landscape connectivity.</subfield>
   </datafield>
   <datafield ind1="8" ind2=" " tag="024">
      <subfield code="a">Sánchez‐Dávila J, Gavilán RG, Sánchez‐Mata D. Effects of landscape fragmentation at a fine scale on Mediterranean mountain grassland plant diversity. Ecosphere 2025;16:e70374. https://doi.org/10.1002/ecs2.70374</subfield>
   </datafield>
   <datafield ind1="8" ind2=" " tag="024">
      <subfield code="a">doi.org/10.1002/ecs2.70374</subfield>
   </datafield>
   <datafield ind1="8" ind2=" " tag="024">
      <subfield code="a">https://hdl.handle.net/20.500.14352/129485</subfield>
   </datafield>
   <datafield ind1="8" ind2=" " tag="024">
      <subfield code="a">https://doi.org/10.1002/ecs2.70374</subfield>
   </datafield>
   <datafield ind2="0" ind1="0" tag="245">
      <subfield code="a">Effects of landscape fragmentation at a fine scale on Mediterranean mountain grassland plant diversity</subfield>
   </datafield>
</record></metadata></record></GetRecord></OAI-PMH>